<?xml version="1.0" encoding="UTF-8"?>
<collection xmlns="http://www.loc.gov/MARC21/slim">
 <record>
  <leader>01177aamaa2200193 a 4500</leader>
  <controlfield tag="001">1/42159</controlfield>
  <controlfield tag="008">120208s2010    gr ad         000 0 gre  </controlfield>
  <datafield tag="020" ind1=" " ind2=" ">
   <subfield code="a">9789279174636</subfield>
  </datafield>
  <datafield tag="035" ind1=" " ind2=" ">
   <subfield code="l">44959</subfield>
  </datafield>
  <datafield tag="040" ind1=" " ind2=" ">
   <subfield code="a">GR-PeUP</subfield>
  </datafield>
  <datafield tag="082" ind1="0" ind2="0">
   <subfield code="a">ΚΕΤ 341.2422 ΓΕΝ</subfield>
  </datafield>
  <datafield tag="245" ind1="0" ind2="0">
   <subfield code="a">Γενική έκθεση για τη δραστηριότητα της Ευρωπαϊκής Ένωσης 2010/</subfield>
   <subfield code="c">Ευρωπαϊκή Επιτροπή.</subfield>
  </datafield>
  <datafield tag="260" ind1=" " ind2=" ">
   <subfield code="a">Λουξεμβούργο :</subfield>
   <subfield code="b">Υπηρεσία Επισήμων Εκδόσεων των Ευρωπαϊκών Κοινοτήτων,</subfield>
   <subfield code="c">2010.</subfield>
  </datafield>
  <datafield tag="300" ind1=" " ind2=" ">
   <subfield code="a">136 σ. :</subfield>
   <subfield code="b">εικ., διαγ. ;</subfield>
   <subfield code="c">30 εκ.</subfield>
  </datafield>
  <datafield tag="610" ind1="2" ind2="4">
   <subfield code="a">Ευρωπαϊκή Οικονομική Κοινότητα</subfield>
   <subfield code="x">Οικονομική πολιτική.</subfield>
  </datafield>
  <datafield tag="610" ind1="2" ind2="4">
   <subfield code="a">Ευρωπαϊκή Οικονομική Κοινότητα</subfield>
   <subfield code="x">Νομισματική πολιτική.</subfield>
  </datafield>
  <datafield tag="610" ind1="2" ind2="4">
   <subfield code="a">Ευρωπαϊκή Οικονομική Κοινότητα</subfield>
   <subfield code="x">Κοινωνική πολιτική.</subfield>
  </datafield>
  <datafield tag="710" ind1="2" ind2=" ">
   <subfield code="a">European Commission</subfield>
   <subfield code="d">Directorate Generale Communication.</subfield>
  </datafield>
  <datafield tag="852" ind1=" " ind2=" ">
   <subfield code="a">INST</subfield>
   <subfield code="b">UNIPILB</subfield>
   <subfield code="c">KET</subfield>
   <subfield code="e">20120208</subfield>
   <subfield code="h">ΚΕΤ 341.2422 ΓΕΝ</subfield>
   <subfield code="p">00163131</subfield>
   <subfield code="q">00163131</subfield>
   <subfield code="t">LOAN</subfield>
   <subfield code="y">0</subfield>
   <subfield code="4">1</subfield>
  </datafield>
 </record>
</collection>
